| 000 -LEADER |
| fixed length control field |
01392cam a2200385Ia 4500 |
| 001 - CONTROL NUMBER |
| control field |
8757848 |
| 003 - CONTROL NUMBER IDENTIFIER |
| control field |
OSt |
| 005 - DATE AND TIME OF LATEST TRANSACTION |
| control field |
20210909105300.0 |
| 006 - FIXED-LENGTH DATA ELEMENTS--ADDITIONAL MATERIAL CHARACTERISTICS |
| fixed length control field |
m u |
| 007 - PHYSICAL DESCRIPTION FIXED FIELD--GENERAL INFORMATION |
| fixed length control field |
cr cn||||||||| |
| 008 - FIXED-LENGTH DATA ELEMENTS--GENERAL INFORMATION |
| fixed length control field |
091102r20102007enk sb 001 0 eng d |
| 020 ## - INTERNATIONAL STANDARD BOOK NUMBER |
| Canceled/invalid ISBN |
9781848851979 (pbk. |
| 035 ## - SYSTEM CONTROL NUMBER |
| System control number |
(CaPaEBR)ebr10424516 |
| 035 ## - SYSTEM CONTROL NUMBER |
| System control number |
(NNC)8757848 |
| 038 ## - RECORD CONTENT LICENSOR |
| Staff Name |
khadija |
| 040 ## - CATALOGING SOURCE |
| Original cataloging agency |
CaPaEBR |
| Transcribing agency |
CaPaEBR |
| 050 14 - LIBRARY OF CONGRESS CALL NUMBER |
| Classification number |
BP190.5.V56 |
| Item number |
I75 2010eb |
| 082 04 - DEWEY DECIMAL CLASSIFICATION NUMBER |
| Classification number |
297.272 |
| Edition number |
22 |
| Author Mark |
SHA |
| 245 00 - TITLE STATEMENT |
| Title |
Islam and political violence |
| Remainder of title |
Muslim diaspora and radicalism in the West / |
| Statement of responsibility, etc. |
edited by Shahram Akbarzadeh & Fethi Mansouri. |
| 260 ## - PUBLICATION, DISTRIBUTION, ETC. |
| Place of publication, distribution, etc. |
London : |
| Name of publisher, distributor, etc. |
I. B. Tauris, |
| Date of publication, distribution, etc. |
2010. |
| 300 ## - PHYSICAL DESCRIPTION |
| Extent |
258 p. |
| 504 ## - BIBLIOGRAPHY, ETC. NOTE |
| Bibliography, etc. note |
Includes bibliographical references and index. |
| 533 ## - REPRODUCTION NOTE |
| Type of reproduction |
Electronic reproduction. |
| Place of reproduction |
Palo Alto, Calif. : |
| Agency responsible for reproduction |
ebrary, |
| Date of reproduction |
2010. |
| Note about reproduction |
Available via World Wide Web. |
| -- |
Access may be limited to ebrary affiliated libraries. |
| 563 ## - BINDING INFORMATION |
| Binding note |
paperback<br/> |
| 650 #0 - SUBJECT ADDED ENTRY--TOPICAL TERM |
| Topical term or geographic name entry element |
Political violence |
| General subdivision |
Religious aspects |
| -- |
Islam. |
| 9 (RLIN) |
82304 |
| 650 #0 - SUBJECT ADDED ENTRY--TOPICAL TERM |
| Topical term or geographic name entry element |
Islamic fundamentalism. |
| 9 (RLIN) |
293 |
| 650 #0 - SUBJECT ADDED ENTRY--TOPICAL TERM |
| Topical term or geographic name entry element |
Islam and politics. |
| 9 (RLIN) |
27835 |
| 655 #7 - INDEX TERM--GENRE/FORM |
| Genre/form data or focus term |
Electronic books. |
| Source of term |
local |
| 9 (RLIN) |
621 |
| 700 1# - ADDED ENTRY--PERSONAL NAME |
| Personal name |
Akbarzadeh, Shahram. |
| 9 (RLIN) |
82305 |
| 700 1# - ADDED ENTRY--PERSONAL NAME |
| Personal name |
Mansouri, Fethi. |
| 9 (RLIN) |
82306 |
| 710 2# - ADDED ENTRY--CORPORATE NAME |
| Corporate name or jurisdiction name as entry element |
ebrary, Inc. |
| 9 (RLIN) |
622 |
| 856 40 - ELECTRONIC LOCATION AND ACCESS |
| Uniform Resource Identifier |
<a href="http://www.columbia.edu/cgi-bin/cul/resolve?clio8757848">http://www.columbia.edu/cgi-bin/cul/resolve?clio8757848</a> |
| Public note |
Click here for full text. |
| 942 ## - ADDED ENTRY ELEMENTS (KOHA) |
| Source of classification or shelving scheme |
|
| Koha item type |
Book |